Márai Sándor rendezői titkai a Szindbád hazamegy című kisregényben

Elmentve itt :
Bibliográfiai részletek
Szerző: Nagygyörgy Éva
További közreműködők: Urbanik Tímea (Témavezető)
Dokumentumtípus: Szakdolgozat
Megjelent: 2006
Tárgyszavak:
Online Access:http://diploma.bibl.u-szeged.hu/44592
LEADER 00577nta a2200157 i 4500
001 dipl44592
005 20140923150943.0
008 140923s2006 hu om 0|| hun d
040 |a SZTE Diploma Repozitórium  |b hun 
041 |a hun 
100 1 |a Nagygyörgy Éva 
245 1 0 |a Márai Sándor rendezői titkai a Szindbád hazamegy című kisregényben  |h [elektronikus dokumentum] /  |c Éva Nagygyörgy 
260 |c 2006 
650 4 |a Bölcsészettudományok 
700 1 |a Urbanik Tímea  |e ths 
856 4 0 |u http://diploma.bibl.u-szeged.hu/id/eprint/44592/1/2006_nagygyorgy_eva.pdf  |z Dokumentum-elérés